Score 0/13 Timer 04:00
0 Plays Today
% Correct
Kate Austen,
Survived
92.3%
Hugo 'Hurley'
Reyes,
Survived
92.2%
James
'Sawyer' Ford,
Survived
89.1%
Walt Lloyd,
Survived
82.5%
Aaron Littleton,
Survived
82.3%
Vincent,
Survived
81.1%
Claire Littleton,
Survived
78.3%
Rose Nadler,
Survived
72.8%
Sarah Shephard,
Survived
61%
Carmen Reyes,
Survived
55.6%
Diane Janssen,
Survived
54%
Liam Pace,
Survived
51.3%
Cindy Chandler,
Survived
45.8%
Remove Ads.
Support Sporcle.
Get the best of Sporcle when you Go Orange. This ad-free experience offers more features, more stats, and more fun while also helping to support Sporcle. Thank you for becoming a member.

You're not logged in!

Compare scores with friends on all Sporcle quizzes.
OR
Log In

Show Comments

Extras

Top Quizzes Today


Score Distribution

Your Account Isn't Verified!

In order to create a playlist on Sporcle, you need to verify the email address you used during registration. Go to your Sporcle Settings to finish the process.

Report this User

Report this user for behavior that violates our Community Guidelines.

Details: